Introduction to the annual report of the secretary - general on the Organization (Record no. 635782)

MARC details
000 -LEADER
fixed length control field 00762nam a2200229Ia 4500
003 - CONTROL NUMBER IDENTIFIER
control field OSt
005 - DATE AND TIME OF LATEST TRANSACTION
control field 20220926021115.0
008 - FIXED-LENGTH DATA ELEMENTS--GENERAL INFORMATION
fixed length control field 220923b |||||||| |||| 00| 0 eng d
037 ## - SOURCE OF ACQUISITION
Terms of availability General Book
040 ## - CATALOGING SOURCE
Original cataloging agency RTL
Transcribing agency RTL
Language of cataloging eng
041 ## - LANGUAGE CODE
Source of code eng
Language code of text/sound track or separate title eng
110 ## - MAIN ENTRY--CORPORATE NAME
Corporate name or jurisdiction name as entry element UNITED NATION , GENERAL ASSEMBLY
9 (RLIN) 311650
245 #0 - TITLE STATEMENT
Title Introduction to the annual report of the secretary - general on the Organization
Remainder of title 16th june 1966 -15 july 1967 .
260 ## - PUBLICATION, DISTRIBUTION, ETC.
Place of publication, distribution, etc. New York
Name of publisher, distributor, etc. U . N
Date of publication, distribution, etc. 1967
300 ## - PHYSICAL DESCRIPTION
Extent 21p
Dimensions cm.
700 ## - ADDED ENTRY--PERSONAL NAME
Personal name UNITED NATION , GENERAL ASSEMBLY
9 (RLIN) 311651
942 ## - ADDED ENTRY ELEMENTS (KOHA)
Classification part V1N45 , 93 : 8 . N67, K7/UN
Koha item type General Books
Source of classification or shelving scheme Colon Classification (CC)
Holdings
Withdrawn status Lost status Damaged status Not for loan Home library Current library Date acquired Total Checkouts Full call number Barcode Date last seen Price effective from Koha item type
        Ratan Tata Library Ratan Tata Library 2022-09-26   V1N45 93 : 8 . N67 K7/UN RT1405305 2022-09-26 2022-09-26 General Books
Copyright @ Delhi University Library System